Oxford Primary English 1 (Record no. 5834)
[ view plain ]
| 000 -LEADER | |
|---|---|
| fixed length control field | 00485nam a22001697a 4500 |
| 003 - CONTROL NUMBER IDENTIFIER | |
| control field | OSt |
| 005 - DATE AND TIME OF LATEST TRANSACTION | |
| control field | 20251124165858.0 |
| 008 - FIXED-LENGTH DATA ELEMENTS--GENERAL INFORMATION | |
| fixed length control field | 251124b |||||||| |||| 00| 0 eng d |
| 040 ## - CATALOGING SOURCE | |
| Original cataloging agency | KABLIB |
| Language of cataloging | eng |
| Transcribing agency | KABLIB |
| 082 ## - DEWEY DECIMAL CLASSIFICATION NUMBER | |
| Edition number | 23 |
| Classification number | 372.6 |
| Item number | BUG |
| 100 ## - MAIN ENTRY--PERSONAL NAME | |
| Personal name | Bugembe J B B |
| Relator term | author |
| 9 (RLIN) | 14716 |
| 245 ## - TITLE STATEMENT | |
| Title | Oxford Primary English 1 |
| Statement of responsibility, etc. | J B B Bugembe and D H Howe |
| 260 ## - PUBLICATION, DISTRIBUTION, ETC. | |
| Place of publication, distribution, etc. | Oxford : |
| Name of publisher, distributor, etc. | Oxford University Press, |
| Date of publication, distribution, etc. | c1988 |
| 300 ## - PHYSICAL DESCRIPTION | |
| Extent | 30p.: |
| Other physical details | ill.; |
| Dimensions | 21cm. |
| 700 ## - ADDED ENTRY--PERSONAL NAME | |
| Personal name | Howe D H |
| 9 (RLIN) | 14722 |
| 942 ## - ADDED ENTRY ELEMENTS (KOHA) | |
| Source of classification or shelving scheme | Dewey Decimal Classification |
| Koha item type | Book |
| Withdrawn status | Lost status | Source of classification or shelving scheme | Damaged status | Not for loan | Home library | Current library | Shelving location | Date acquired | Total Checkouts | Full call number | Barcode | Date last seen | Price effective from | Koha item type |
|---|---|---|---|---|---|---|---|---|---|---|---|---|---|---|
| Dewey Decimal Classification | Rukungiri Campus | Rukungiri Campus | Open Access Section | 24.11.2025 | 372.6 BUG | 0655RC | 24.11.2025 | 24.11.2025 | Book |